| 000 | 00826nam a22002055i 4500 | ||
|---|---|---|---|
| 001 | 152173 | ||
| 003 | ES-MaACL | ||
| 005 | 20231103062534.0 | ||
| 008 | 001004s1848 fr a |||| | fre d | ||
| 040 |
_aCYL _bspa _cCYL |
||
| 100 | 1 |
_aBlanc, Louis. _929112 |
|
| 245 | 1 | 0 |
_aHistoire de dix ans 1830-1840 _b: Révolution Française / _cpar M. Louis Blanc. |
| 250 | _a7eme. éd. aug. de nouveaux documents diplomatiques. | ||
| 260 |
_aParis : _bPagnerre, _c1848. |
||
| 300 |
_a5 v. (476 p., [7] h. de lám. ; 467 p., [5] h. de lám. ; 476 p., [6] h. de lám. ; 519 p., [2] h. de lám. ; 516 p., [4] h. de lám.) ; _c23 cm. |
||
| 594 | _aPrecede al tít.: Révolution Française. | ||
| 651 | 4 |
_aFrancia- _xHistoria- _y1789-1799, Revolución _98685 |
|
| 852 |
_aES-MaACL _jG-8152-56 _z-- Enc. hol. |
||
| 999 |
_c152173 _d152173 |
||